Word Ladder: Shakespeare Quotations Quiz Stats

 Plays Quiz Updated Apr 16, 2015

Challenge
Share
Tweet
Embed
Score 0/20 Timer 04:00
0 Plays Today
Shakespearean Quotation 4-Letter Word % Correct
'It is a ____ told by an idiot, full of sound and fury, signifying nothing' - MacbethTale
86.5%
'I will buy with you, sell with you, ____ with you, walk with you, and so following; but I will not eat with you, drink with you, nor pray with you.' - The Merchant of VeniceTalk
77.9%
'What, all my pretty chickens and their dam at one ____ swoop?' - MacbethFell
74.7%
'The ____ is smooth that leadeth on to danger.' - Venus & AdonisPath
72.7%
'Arise, fair sun, and kill the envious moon, Who is already sick and ____ with grief That thou, her maid, art far more fair than she.' - Romeo & JulietPale
72.6%
'Et tu, Brute? Then ____, Caesar!' - Julius CaesarFall
69.8%
'I am a Jew. ____ not a Jew eyes? ____ not a Jew hands, organs, dimensions, senses, affections, passions' - The Merchant of VeniceHath
69.7%
'to climb steep hills. Requires slow ____ at first' - Henry VIIIPace
67.3%
'Foolery, sir, does ____ about the orb like the sun, it shines everywhere.' - Twelfth NightWalk
66.5%
'In time we ____ that which we often fear.' - Antony & Cleopatra Hate
66.4%
Shakespearean Quotation 4-Letter Word % Correct
'But screw your courage to the sticking place, And we'll not ____' - MacBethFail
65.6%
'A ____ of star-cross'd lovers take their life; Whose misadventur'd piteous overthrows Doth with their death bury their parents' strife' - Romeo & JulietPair
64.9%
'O vain boast! Who can control his ____?' - OthelloFate
64%
'God has given you one ____, and you make yourself another' - HamletFace
63.6%
'The weakest goes to the ____' - Romeo & JulietWall
63.2%
'Striving to better, oft we mar what’s ____' - King LearWell
61.4%
'The quality of mercy is not strain'd, It droppeth as the gentle ____ from heaven Upon the place beneath.' - The Merchant of VeniceRain
58.8%
'____ pays the income of each precious thing.' - The Rape of LucrecePain
54.5%
'Say she ____; why, I'll tell her plain She sings as sweetly as a nightingale' - The Taming of the Shrew Rail
48.5%
'There's many a man hath more ____ than wit' - A Comedy of ErrorsHair
45.5%

Today's Daily Dose

You're not logged in!

Compare scores with friends on all Sporcle quizzes.
OR
Log In

You Might Also Like...

Show Comments

Extras

Top Quizzes Today


Score Distribution

Your Account Isn't Verified!

In order to create a playlist on Sporcle, you need to verify the email address you used during registration. Go to your Sporcle Settings to finish the process.

Report this User

Report this user for behavior that violates our Community Guidelines.

Details: